Countries in the Movie - Statistics

General Stats
  • This quiz has been taken 29 times
  • The average score is 6 of 10
Answer Stats
Year Title Movie % Correct
2007 Ratatouille France
100%
2016 The Secret Life of Pets United States
100%
1961 One Hundred and One Dalmatians United Kingdom
92%
1967 The Jungle Book India
73%
2008 The Hurt Locker Iraq
69%
2014 The Interview North Korea
62%
2015 Chappie South Africa
46%
2018 The Nun Romania
31%
2017 First They Killed My Father Cambodia
27%
2012 The Impossible Thailand
27%
No matching quizzes found
Score Distribution
Percent of People with Each Score
Percentile by Number Answered
Your Score History
You have not taken this quiz